| 000 | 00871nas a2200301 4500 | ||
|---|---|---|---|
| 001 | BR9801634 | ||
| 003 | BR-BrBNA | ||
| 005 | 20231205100940.0 | ||
| 007 | ta | ||
| 008 | 230509b bl.|||p| |||| 00| 00por d | ||
| 040 |
_aBR-BrBNA _bpor _cBiblioteca Nacional de Agricultura |
||
| 041 | _a(Pt) | ||
| 072 | _aL02 | ||
| 100 | 1 | _aDayrell, M. de S. | |
| 100 | 1 | _aAroeira, L.J.M. | |
| 100 | 1 | _aCouto, R. de C.A. | |
| 245 | 1 | _aUtilizacao do fosfato de Tapira na dieta de bovinos em confinamento | |
| 650 | _aBovino | ||
| 650 | _aDieta | ||
| 650 | _aFosforo | ||
| 650 | _aSuplemento Alimentar | ||
| 650 | _aGanho de Peso | ||
| 650 | _aFluor | ||
| 650 | _aConfinamento | ||
| 773 | 0 |
_tRevista Brasileira de Zootecnia (Brazil) _xISSN 0100-4859 _g(Nov-Dec 1997), v. 26(6) p. 1222-1226 _wBR9801634 |
|
| 909 |
_a202311 _bLúcia _c55 _dLúcia Elande |
||
| 942 |
_2AGRIS _n0 _cANA |
||
| 999 |
_c158956 _d158956 |
||